|
|
|
|
| LEADER |
01140nam a2200277 a 4500 |
| 001 |
14087 |
| 008 |
090809r20001992nyu b 000 1 eng d |
| 999 |
|
|
|c 3677
|d 3677
|
| 020 |
|
|
|a 0141182806
|
| 082 |
0 |
0 |
|a 823.912
|2 20
|
| 100 |
1 |
|
|a Joyce, James,
|d 1882-1941.
|9 32882
|
| 245 |
1 |
0 |
|a Ulysses /
|c James Joyce ; with an introduction by Declan Kiberd.
|
| 260 |
|
|
|a New York :
|b Penguin Books,
|c 1992 [reprinted 2000]
|
| 300 |
|
|
|a lxxxviii, 939 p. ;
|c 21 cm.
|
| 504 |
|
|
|a Includes bibliographical references.
|
| 541 |
1 |
|
|e 00014087
|
| 650 |
|
0 |
|a Alienation (Social psychology)
|v Fiction.
|9 32883
|
| 650 |
|
0 |
|a City and town life
|v Fiction.
|9 32884
|
| 650 |
|
0 |
|a Male friendship
|v Fiction.
|9 32885
|
| 650 |
|
0 |
|a Married people
|v Fiction.
|9 32886
|
| 650 |
|
0 |
|a Jewish men
|v Fiction.
|9 32887
|
| 650 |
|
0 |
|a Artists
|v Fiction.
|9 32888
|
| 651 |
|
0 |
|a Dublin (Ireland)
|v Fiction.
|9 32889
|
| 852 |
4 |
|
|a Ayesha Abed Library
|j General shelf
|
| 942 |
|
|
|2 ddc
|c BK
|
| 952 |
|
|
|0 0
|1 0
|2 ddc
|4 0
|6 823_912000000000000_JOY
|7 0
|9 3336
|a BRACUL
|b BRACUL
|c GEN
|d 2009-09-03
|g 0.00
|l 11
|m 164
|o 823.912 JOY
|p 3010014087
|r 2026-01-19
|s 2025-12-24
|t 1
|w 2009-09-03
|y BK
|x No price found in the accession register.
|